000 01486nam a2200421Ia 4500
001 dia_128
003 CHAP
005 20240419185923.0
007 ta
008 220117s1984 mx ado fr 001 0 spa d
010 _a170559
020 _a968-451-167-3
040 _cCHAP
_amxchpua
041 _aspa
_heng
050 1 0 _aQA76.8.I2594
_b.G73 1984
082 _a005.24
_bG73 1984
_220
100 1 _aGraham, Lyle J.
_950222
_eautor
240 1 0 _aYour IBM PC : a guide to the IBM PC (DOS 2.0) and XT.
_lEspañol
245 1 0 _aIBM PC :
_bguía del IBM PC (DOS 2.0) y XT /
_cLyle J. Graham y Tim Field ; traducción Luis Joyanes Aguilar
250 _a1a edición
264 _aMéxico :
_bMcGraw-Hill,
_c1984
300 _axi, 608 páginas :
_bilustraciones, gráficas, diagramas, tablas, fotos
336 _2rdacontent
_atexto
_btxt
337 _2rdamedia
_ano mediado
_bn
338 _2rdacarrier
_avolumen
_bnc
490 1 _aOsborne McGraw-Hill
650 1 0 _aIBM PC (Computadora)
_xProgramación
_9147283
650 1 0 _aIBM PC XT (Computadora)
_xProgramación
_9147284
650 1 0 _aIBM Personal Computer XT
_xProgramming
_9147285
650 1 0 _aIBM Personal Computer
_xProgramming
_9147286
700 1 _aField, Tim
_940755
_eautor
700 1 _aJoyanes Aguilar, Luis
_962240
_etraductor
830 _9147271
_aOsborne McGraw-Hill
901 _a005.24 G73 1984
902 _aM
905 _a5232271984 mx adn 8222223322spa16
942 _cLIBRO
_2ddc
999 _c170559
_d170559